Towarzystwa ubezpieczeń wzajemnych spoleczne aspekty fukcjonowania w ubezpieczeniach zdrowotnych

Salvato in:
Dettagli Bibliografici
Autore principale: Rutkowska, Małgorzata
Natura: Libro
Lingua:polacco
Pubblicazione: Wroclaw Wydawnictwo Naukowe PWN
Edizione:1. wyd.
Soggetti:
Tags: Aggiungi Tag
Nessun Tag, puoi essere il primo ad aggiungerne!!

MARC

LEADER 00000nam a2200000 4500
001 0151366
005 20240314094616.6
020 |a 978-83-01-14389-3 
041 0 |a pol 
044 |a PL 
245 1 0 |a Towarzystwa ubezpieczeń wzajemnych  |b spoleczne aspekty fukcjonowania w ubezpieczeniach zdrowotnych  |c Małgorzata Rutkowska 
250 |a 1. wyd. 
264 1 |a Wroclaw  |b Wydawnictwo Naukowe PWN 
300 |a 159 s. 
610 2 0 |a poistenie zdravotné 
610 2 0 |a ochrana zdravia 
610 2 0 |a Poľsko 
610 2 0 |a zariadenia zdravotnícke 
100 1 |a Rutkowska, Małgorzata